Dwarf Planets of the Solar System Quiz - Statistics

General Stats
  • This quiz has been taken 175 times
  • The average score is 4 of 5
Answer Stats
Discovered in Answer % Correct
1930 Pluto
99%
1801 Ceres
86%
2005 Eris
76%
2005 Makemake
75%
2004 Haumea
64%
No matching quizzes found
Score Distribution
Percent of People with Each Score
Percentile by Number Answered
Your Score History
You have not taken this quiz